<?xml version="1.0" encoding="UTF-8"?>
<record
    xmlns:xsi="http://www.w3.org/2001/XMLSchema-instance"
    xsi:schemaLocation="http://www.loc.gov/MARC21/slim http://www.loc.gov/standards/marcxml/schema/MARC21slim.xsd"
    xmlns="http://www.loc.gov/MARC21/slim">

  <leader>01739cam a2200337 a 4500</leader>
  <controlfield tag="003">OSt</controlfield>
  <controlfield tag="005">20210524091217.0</controlfield>
  <controlfield tag="008">121001s2006    ck ad   r     100 0 spa d</controlfield>
  <datafield tag="020" ind1=" " ind2=" ">
    <subfield code="a">8025788</subfield>
  </datafield>
  <datafield tag="040" ind1=" " ind2=" ">
    <subfield code="a">CO-BoPUJ</subfield>
    <subfield code="c">CO-JMCR</subfield>
  </datafield>
  <datafield tag="041" ind1="0" ind2=" ">
    <subfield code="a">spa</subfield>
  </datafield>
  <datafield tag="082" ind1="0" ind2="4">
    <subfield code="a">338.9 / </subfield>
    <subfield code="b">C718v</subfield>
    <subfield code="2">23</subfield>
  </datafield>
  <datafield tag="110" ind1="1" ind2=" ">
    <subfield code="a">Colombia.</subfield>
    <subfield code="b">Programa de Renovaci&#xF3;n de la Administraci&#xF3;n P&#xFA;blica</subfield>
    <subfield code="9">37800</subfield>
  </datafield>
  <datafield tag="245" ind1="1" ind2="0">
    <subfield code="a">Visi&#xF3;n Colombia II centenario : </subfield>
    <subfield code="b">consolidar un Estado eficiente y transparente y un modelo &#xF3;ptimo de intervenci&#xF3;n econ&#xF3;mica : propuesta para discusi&#xF3;n / </subfield>
    <subfield code="c">documento elaborado por Programa de Renovaci&#xF3;n de la Administraci&#xF3;n P&#xFA;blica</subfield>
  </datafield>
  <datafield tag="246" ind1="3" ind2="0">
    <subfield code="a">2019 Visi&#xF3;n Colombia II centenario</subfield>
  </datafield>
  <datafield tag="246" ind1="3" ind2="0">
    <subfield code="a">Consolidar un Estado eficiente y transparente y un modelo &#xF3;ptimo de intervenci&#xF3;n econ&#xF3;mica</subfield>
  </datafield>
  <datafield tag="260" ind1=" " ind2=" ">
    <subfield code="a">Bogot&#xE1; : </subfield>
    <subfield code="b">Departamento Nacional de Planeaci&#xF3;n, </subfield>
    <subfield code="c">2006.</subfield>
  </datafield>
  <datafield tag="300" ind1=" " ind2=" ">
    <subfield code="a">xviii, 66 p&#xE1;ginas : </subfield>
    <subfield code="b">ilustraciones, cuadros, gr&#xE1;ficas y tablas ; </subfield>
    <subfield code="c">28 cm.</subfield>
  </datafield>
  <datafield tag="504" ind1=" " ind2=" ">
    <subfield code="a">Bibliogr&#xE1;ficas : p&#xE1;ginas  65-66.</subfield>
  </datafield>
  <datafield tag="505" ind1=" " ind2=" ">
    <subfield code="a">De d&#xF3;nde venimos y d&#xF3;nde estamos. -- Visi&#xF3;n y principios fundamentales. -- Metas y acciones requeridas.</subfield>
  </datafield>
  <datafield tag="650" ind1="2" ind2="4">
    <subfield code="a">Intervenci&#xF3;n del Estado</subfield>
    <subfield code="x">Econom&#xED;a</subfield>
    <subfield code="z">Colombia</subfield>
    <subfield code="9">37801</subfield>
  </datafield>
  <datafield tag="650" ind1="2" ind2="4">
    <subfield code="a">Participaci&#xF3;n ciudadana</subfield>
    <subfield code="z">Colombia</subfield>
    <subfield code="9">9639</subfield>
  </datafield>
  <datafield tag="650" ind1="2" ind2="4">
    <subfield code="a">Participaci&#xF3;n del estado</subfield>
    <subfield code="z">Colombia</subfield>
    <subfield code="9">37802</subfield>
  </datafield>
  <datafield tag="650" ind1="2" ind2="4">
    <subfield code="a">Justicia distributiva</subfield>
    <subfield code="z">Colombia</subfield>
    <subfield code="y">2019</subfield>
    <subfield code="9">37803</subfield>
  </datafield>
  <datafield tag="650" ind1="2" ind2="4">
    <subfield code="a">Equidad econ&#xF3;mica</subfield>
    <subfield code="z">Colombia</subfield>
    <subfield code="y">2019</subfield>
    <subfield code="9">37804</subfield>
  </datafield>
  <datafield tag="651" ind1=" " ind2="4">
    <subfield code="a">Colombia</subfield>
    <subfield code="x">Pol&#xED;tica econ&#xF3;mica</subfield>
    <subfield code="y">2019</subfield>
    <subfield code="9">37805</subfield>
  </datafield>
  <datafield tag="651" ind1=" " ind2="4">
    <subfield code="a">Colombia</subfield>
    <subfield code="x">Condiciones socioecon&#xF3;micas</subfield>
    <subfield code="y">2019</subfield>
    <subfield code="9">37806</subfield>
  </datafield>
  <datafield tag="710" ind1="1" ind2=" ">
    <subfield code="a">Colombia</subfield>
    <subfield code="b">Departamento Nacional de Planeaci&#xF3;n</subfield>
    <subfield code="9">4087</subfield>
  </datafield>
  <datafield tag="942" ind1=" " ind2=" ">
    <subfield code="2">ddc</subfield>
    <subfield code="c">BK</subfield>
  </datafield>
  <datafield tag="999" ind1=" " ind2=" ">
    <subfield code="c">11763</subfield>
    <subfield code="d">11763</subfield>
  </datafield>
  <datafield tag="952" ind1=" " ind2=" ">
    <subfield code="0">0</subfield>
    <subfield code="1">0</subfield>
    <subfield code="2">ddc</subfield>
    <subfield code="4">0</subfield>
    <subfield code="7">0</subfield>
    <subfield code="a">CPL</subfield>
    <subfield code="b">CPL</subfield>
    <subfield code="c">GEN</subfield>
    <subfield code="d">2021-03-10</subfield>
    <subfield code="e">Donaci&#xF3;n</subfield>
    <subfield code="o">338.9 / C718v</subfield>
    <subfield code="p">430006051</subfield>
    <subfield code="r">2024-05-16 00:00:00</subfield>
    <subfield code="t">Ej.1</subfield>
    <subfield code="w">2021-03-10</subfield>
    <subfield code="y">BK</subfield>
  </datafield>
</record>
